Висло-Одесская операция; Наследники Победы

Detaylı Bibliyografya
Parent link:Наследники Победы.— 2010.— С. 41-43
Yazar: Бархатов А. Ф.
Dil:Rusça
Baskı/Yayın Bilgisi: 2010
Konular:
Materyal Türü: Kitap Bölümü
KOHA link:https://koha.lib.tpu.ru/cgi-bin/koha/opac-detail.pl?biblionumber=191672

MARC

LEADER 00000naa2a2200000 4500
001 191672
005 20231031180759.0
035 |a (RuTPU)RU\TPU\book\209016 
090 |a 191672 
100 |a 20110209d2010 k y0rusy50 ca 
101 0 |a rus 
102 |a RU 
200 1 |a Висло-Одесская операция  |f А. Ф. Бархатов 
320 |a Библиогр.: 2 назв. 
463 0 |0 (RuTPU)RU\TPU\book\194350  |t Наследники Победы  |o материалы открытой научно-практической конференции, посвященной 65-й годовщине Победы в Великой Отечественной войне, 10 марта, 2010 г. г. Томск  |f Томский политехнический университет (ТПУ); Томск, Администрация Кировского района  |v С. 41-43  |d 2010  |p 245 с. 
610 1 |a Великая Отечественная война 
610 1 |a Белорусский фронт 
610 1 |a Украинский фронт 
610 1 |a наступательные операции 
610 1 |a Висло-Одесская операция 
610 1 |a труды учёных ТПУ 
700 1 |a Бархатов  |b А. Ф. 
801 1 |a RU  |b 63413507  |c 20110209 
942 |c BK